00525nam a2200157Ia 4500008004100000041001200041082001100053100001700064245004500081260003000126300000800156650001500164942000700179999001500186952016600201221030s9999 xx 000 0 und d aEnglish a105.23 aG. R. Nagpal 0aPower Plant Engineeringcby G. R. Nagpal bKhanna Pub.aDelhic1991 a583 aMechanical cBK c6086d6086 pBE 9932g35.00l0o105.23 r2024-06-13 00:00:00w2022-10-30yBK003Print4070aMIETLIBbMIETLIBcBL-Academic Block C, FL-2, CUP-4, SH-1, R-1d2009-03-1010HBE